The archaeology and monumental remains of Delhi (Record no. 399329)

000 -LEADER
fixed length control field 00420cam a22001457a 4500
008 - FIXED-LENGTH DATA ELEMENTS--GENERAL INFORMATION
fixed length control field 180718b2002 xxu||||| |||| 00| 0 eng d
020 ## - INTERNATIONAL STANDARD BOOK NUMBER
International Standard Book Number 8173052220
082 ## - DEWEY DECIMAL CLASSIFICATION NUMBER
Classification number BA1x5461 P192
100 ## - MAIN ENTRY--PERSONAL NAME
Personal name Pande, B.M.
245 ## - TITLE STATEMENT
Title The archaeology and monumental remains of Delhi
Statement of responsibility, etc. by B.M. Pande
260 ## - PUBLICATION, DISTRIBUTION, ETC.
Place of publication, distribution, etc. New Delhi
Name of publisher, distributor, etc. Aryan
Date of publication, distribution, etc. 2002
300 ## - PHYSICAL DESCRIPTION
Extent 189p.
650 ## - SUBJECT ADDED ENTRY--TOPICAL TERM
Topical term or geographic name entry element Monuments - India - Delhi
650 ## - SUBJECT ADDED ENTRY--TOPICAL TERM
Topical term or geographic name entry element Archaeology - India - Delhi
Holdings
Withdrawn status Lost status Damaged status Not for loan Permanent Location Current Location Date acquired Full call number Barcode Date last seen Price effective from Koha item type
        Indian Institute of Public Administration Indian Institute of Public Administration 2002-03-09 BA1x5461 P192 DA6214 2018-07-21 2018-07-21 DA

Powered by Koha